000 00935nas a2200313 4500
001 BR8101914
003 BR-BrBNA
005 20231205084617.0
007 ta
008 230509b bl.|||p| |||| 00| 00por d
040 _aBR-BrBNA
_bpor
_cBiblioteca Nacional de Agricultura
041 _a(Pt)
072 _aL73
100 1 _aDiniz, J.M.F.
100 1 _aBaroni, J.M.
100 1 _aFernandes, B.F.
100 1 _aMartins, D.M.
245 1 _aLeucose bovina no estado do Parana [Doenca animal; Brasil]
246 1 _a[Bovine leucosis in the state of Parana [Animal disease; Brazil]]
650 _aDoenca animal
650 _aBovino
650 _aLeucose linfoide
650 _aVirus
650 _aDiagnostico
650 _aPARANÁ
773 0 _tRevista do Setor de Ciencias Agrarias (Brazil)
_xISSN 0100-607X
_g(Jan 1980), v. 2(1) p. 33-38
_wBR8101914
909 _a202311
_bLúcia
_c55
_dLúcia Elande
942 _2AGRIS
_n0
_cANA
999 _c106238
_d106238